000 01237njm a22002897a 4500
005 2010091306426.0
006 a|||||r|||||00| 0
007 sd ammalaaahaa
008 100901t xxu||||| |||| 00| 0 eng d
028 _aTAEC 1343
_bAngel Records
035 _aGR-02138
040 _aSED
_cSED
100 _aNoorjehan
_917891
245 _aJugnu /
_cby Noorjehan [and] Mohammad Rafi; music by Feroz Nizami
_h[Sound recording]
246 _aजुगनू / नूरजहाँ द्वारा
260 _aDUM DUM, India
_bAngel Records
_c1967
300 _a1 Sound disc [Gramophone Recording] :
_banalog, 45 rpm
_c7 in. (SP)
_fGramophone Record
500 _aBrief record
500 _aRecord Labels : Angel Records, Purpal
505 _aSide-1 यहाँ बदला वफ़ा का (Yahaan badala vafa ka) (Noorjehan [and] Mohammad Rafi) --Side-2 आज की रात लूट जवानी (Aaj ki raat loot jawani) (Noorjehan [and] Shamshad)
600 _aNoorjehan
_919693
650 _aFilm Songs
_xExcerpts
_zIndia
_917892
700 _aMohammad Rafi
_919652
700 _aNizami, Feroz
_919653
942 _2ddc
_cGR
999 _c45335
_d45335